Sóng biển rì rào Giải nhì cuộc vận động sáng tác văn học tuổi 20 lần III
v.v..
Đã lưu trong:
| Tác giả chính: | |
|---|---|
| Định dạng: | Sách |
| Năm xuất bản: |
Tp. Hồ Chí Minh
Hội nhà văn
2005
|
| Chủ đề: | |
| Tags: |
Thêm thẻ
Không có thẻ, Hãy là người đầu tiên gắn thẻ bản ghi này!
|
| LEADER | 01159nam a2200205 4500 | ||
|---|---|---|---|
| 082 | |a 895.92234 |b TR561A | ||
| 100 | |a Trương Anh Quốc | ||
| 245 | |a Sóng biển rì rào |c Trương Anh Quốc |b Giải nhì cuộc vận động sáng tác văn học tuổi 20 lần III | ||
| 260 | |a Tp. Hồ Chí Minh |b Hội nhà văn |c 2005 | ||
| 300 | |a 135 tr. |c 19 cm. | ||
| 520 | |a v.v.. | ||
| 653 | |a Văn học hiện đại | ||
| 653 | |a Việt Nam | ||
| 653 | |a Tiểu thuyết | ||
| 942 | |2 ddc |c STK0 | ||
| 999 | |c 4733 |d 4733 | ||
| 952 | |0 0 |1 0 |2 ddc |4 0 |6 895_922340000000000_TR561A |7 0 |8 800 |9 44758 |a qbu |b qbu |c D5 |d 2014-12-20 |g 22000 |o 895.92234 TR561A |p 794.c1 |r 0000-00-00 |w 2014-12-20 |y STK0 | ||
| 952 | |0 0 |1 0 |2 ddc |4 0 |6 895_922340000000000_TR561A |7 0 |8 800 |9 44759 |a qbu |b qbu |c D5 |d 2014-12-20 |g 22000 |l 1 |m 1 |o 895.92234 TR561A |p 794.c2 |r 2017-04-13 |s 2017-03-23 |w 2014-12-20 |y STK0 | ||
| 952 | |0 0 |1 0 |2 ddc |4 0 |6 895_922340000000000_TR561A |7 0 |8 800 |9 44760 |a qbu |b qbu |c D5 |d 2014-12-20 |g 22000 |o 895.92234 TR561A |p 794.c3 |r 0000-00-00 |w 2014-12-20 |y STK0 | ||
| 952 | |0 0 |1 0 |2 ddc |4 0 |6 895_922340000000000_TR561A |7 0 |8 800 |9 44761 |a qbu |b qbu |c D5 |d 2014-12-20 |g 22000 |o 895.92234 TR561A |p 794.c4 |r 0000-00-00 |w 2014-12-20 |y STK0 | ||